Central Library OPAC University of Rajshahi

The mind at work and play / (Record no. 1395)

MARC details
000 -LEADER
fixed length control field 00691cam a22002411 4500
001 - CONTROL NUMBER
control field 1395
003 - CONTROL NUMBER IDENTIFIER
rucl marc code BD-RjUL
005 - DATE AND TIME OF LATEST TRANSACTION
control field 20211208233330.0
008 - FIXED-LENGTH DATA ELEMENTS--GENERAL INFORMATION
fixed length control field 131125s1951 enka g 00| 0 eng d
035 ## - SYSTEM CONTROL NUMBER
System control number (BD-RjUL)1417
040 ## - CATALOGING SOURCE
Original cataloging agency DLC
Transcribing agency FMU
Modifying agency DLC
-- BD-RjUL
Language of cataloging eng
041 ## - LANGUAGE CODE
Language code of text/sound track or separate title eng
082 04 - DEWEY DECIMAL CLASSIFICATION NUMBER
Classification number 150
Edition number 16
Author mark and year BAM 1951
100 1# - MAIN ENTRY--PERSONAL NAME
Personal name Bartlett, Frederic C.
Fuller form of name (Frederic Charles),
Dates associated with a name 1887-1969.
9 (RLIN) 4129
245 14 - TITLE STATEMENT
Title The mind at work and play /
Statement of responsibility, etc. Frederic C. Bartlett.
260 ## - PUBLICATION, DISTRIBUTION, ETC. (IMPRINT)
Place of publication, distribution, etc. London :
Name of publisher, distributor, etc. Allen and Unwin,
Date of publication, distribution, etc. 1951.
300 ## - PHYSICAL DESCRIPTION
Pagination 143 p.
Illustrations illus.
Size 23 cm.
504 ## - BIBLIOGRAPHY, ETC. NOTE
Bibliography, etc Includes Index.
650 #0 - SUBJECT ADDED ENTRY--TOPICAL TERM
Topical term or geographic name as entry element Psychophysiology.
9 (RLIN) 3788
942 ## - ADDED ENTRY ELEMENTS (KOHA)
Source of classification or shelving scheme Dewey Decimal Classification
Koha item type Books
Holdings
Lost status Source of classification or shelving scheme Damaged status Not for loan Collection code Permanent Location Current Location Shelving location Date acquired Source of acquisition Total Checkouts Full call number Date last seen Copy number Koha item type
  Dewey Decimal Classification   Not For Loan Non-fiction Central Library, University of Rajshahi Central Library, University of Rajshahi Reading Room 01/04/1957 Simpkin Morshale   150 BAM 1951 25/11/2013 C-1 Books